Diplomatic list and consular list

Bibliographic Details
Corporate Author: MalaysiaBbKementerian Luar Negeri
Format: Book
Published: Kuala Lumpur : Ministry of Foreign Affairs , 1977
Subjects:

MARC

LEADER 00000cam a2200000 7i4500
001 0000009346
005 20161103.0
040 |a INS 
090 0 0 |a RJX1859.M32   |b A27 
110 1 |a MalaysiaBbKementerian Luar Negeri 
245 1 0 |a Diplomatic list and consular list   |c Ministry of Foreign Affairs 
260 |a Kuala Lumpur :   |b Ministry of Foreign Affairs ,   |c 1977 
300 |a 164p. ;   |c 18 cm. 
650 0 0 |a Diplomatic and consular service   |x Directories   |z Malaysia 
999 |a 0000023281   |b BOOK   |c Open Shelf   |e Default branch 
999 |a 0000024082   |b BOOK   |c Open Shelf   |e Default branch